| Tag |
First Indicator |
Second Indicator |
Subfields |
| LEADER |
00000cam a2200000Ka 4500 |
| 001 |
in00002081521 |
| 005 |
20211202203516.0 |
| 007 |
he bmb024bbca |
| 008 |
050804s1989 alu b f000 0 eng d |
| 035 |
|
|
|a (OCoLC)ocm61208403
|
| 037 |
|
|
|a N 90-20324
|b NASA
|
| 040 |
|
|
|a GPO
|c GPO
|d MvI
|d UtOrBLW
|
| 049 |
|
|
|a UMIC
|
| 049 |
|
|
|a WWW
|
| 074 |
|
|
|a 0830-H-14 (MF)
|
| 074 |
|
|
|a 0830-H-14 (online)
|
| 086 |
0 |
|
|a NAS 1.26:186403
|
| 100 |
1 |
|
|a Gilbert, John A.
|
| 245 |
1 |
0 |
|a Characterization of fluid flow by digital correlation of scattered light /
|c by John A. Gilbert, Donald R. Matthys.
|
| 246 |
1 |
|
|i At head of title:
|a Science review of NASA co-op agreement NCC8-15
|
| 264 |
|
1 |
|a Huntsville, AL :
|b Univ. of Alabama in Huntsville ;
|a [Washington, D.C.] :
|b [National Aeronautics and Space Administration],
|c [1989]
|
| 300 |
|
|
|a 1 volume
|
| 336 |
|
|
|a text
|b txt
|2 rdacontent
|
| 337 |
|
|
|a microform
|b h
|2 rdamedia
|
| 338 |
|
|
|a microfiche
|b he
|2 rdacarrier
|
| 490 |
1 |
|
|a NASA contractor report ;
|v NASA/CR-186403
|
| 500 |
|
|
|a Shipping list number: 90-0859-M.
|
| 500 |
|
|
|a "May 22, 1989."
|
| 530 |
|
|
|a Also available via Internet from the NASA Technical Report Server web site. Address as of 8/4/05: http://ntrs.nasa.gov/archive/nasa/casi.ntrs.nasa.gov/19900011008%5F1990011008.pdf; current access available via PURL.
|
| 533 |
|
|
|a Microfiche.
|b [Washington, D.C. :
|c National Aeronautics and Space Administration,
|d 1990].
|e 2 microfiches.
|
| 500 |
|
|
|a Microform.
|
| 650 |
|
7 |
|a Data correlation.
|2 nasat
|
| 650 |
|
7 |
|a Digital techniques.
|2 nasat
|
| 650 |
|
7 |
|a Flow velocity.
|2 nasat
|
| 650 |
|
7 |
|a Flow visualization.
|2 nasat
|
| 650 |
|
7 |
|a Fluid flow.
|2 nasat
|
| 650 |
|
7 |
|a Image processing.
|2 nasat
|
| 650 |
|
7 |
|a Light scattering.
|2 nasat
|
| 650 |
|
7 |
|a Two dimensional flow.
|2 nasat
|
| 700 |
1 |
|
|a Matthys, Donald R.
|
| 710 |
1 |
|
|a United States.
|b National Aeronautics and Space Administration.
|
| 830 |
|
0 |
|a NASA contractor report ;
|v NASA/CR-186403.
|
| 856 |
4 |
1 |
|u https://purl.fdlp.gov/GPO/LPS62540
|t 0
|
| 999 |
|
|
|a MARS
|
| 999 |
f |
f |
|s 93ce1441-6922-37f0-bd22-602f81574651
|i a35012c7-18ae-349d-be8a-56e1fbeb721d
|t 0
|
| 952 |
f |
f |
|a Texas A&M University
|b College Station
|c Electronic Resources
|d Available Online
|t 0
|e NAS 1.26:186403
|h Superintendent of Documents classification
|
| 952 |
f |
f |
|a Texas A&M University
|b College Station
|c Sterling C. Evans Library
|d Evans: US Documents Microfiche (3rd floor)
|t 0
|e NAS 1.26:186403
|h Superintendent of Documents classification
|
| 998 |
f |
f |
|a NAS 1.26:186403
|t 0
|l Available Online
|
| 998 |
f |
f |
|a NAS 1.26:186403
|t 0
|l Evans: US Documents Microfiche (3rd floor)
|